Extinct Animal - choose the Period - Statistics

General Stats
  • This quiz has been taken 19 times
  • The average score is 11 of 30
Answer Stats
Question Answer % Correct
Tyrannosaurus Cretaceous
89%
Allosaurus Jurassic
72%
Brachiosaurus Jurassic
72%
Dunkleosteus Silurian-Devonian
67%
Hallucigenia Cambrian-Ordovician
56%
Spinosaurus Cretaceous
56%
Plateosaurus Triassic
56%
Iguanodon Cretaceous
50%
Inostrancevia Carboniferous-Permian
44%
Elasmosaurus Cretaceous
44%
Elasmotherium Neogene-Quaternary
39%
Megaloceros Neogene-Quaternary
39%
Tiktaalik Silurian-Devonian
39%
Orthoceras Cambrian-Ordovician
33%
Sidneyia Cambrian-Ordovician
33%
Sphenacodon Carboniferous-Permian
33%
Liopleurodon Jurassic
33%
Paraceratherium Paleogene
33%
Megalograptus Cambrian-Ordovician
28%
Thylacinus Neogene-Quaternary
28%
Basilosaurus Paleogene
28%
Bothriolepis Silurian-Devonian
28%
Pterygotus Silurian-Devonian
28%
Tropeognathus Cretaceous
22%
Arctotherium Neogene-Quaternary
22%
Placerias Triassic
22%
Archaeovenator Carboniferous-Permian
11%
Qilinyu Silurian-Devonian
11%
Smilosuchus Triassic
11%
Proconsul Neogene-Quaternary
6%
No matching quizzes found
Score Distribution
Percent of People with Each Score
Percentile by Number Answered
Your Score History
You have not taken this quiz